000 02195nam0a2200373 4500
001 RU\NLR\bibl\1846134
005 20260426063008.0
010 _a978-5-85383-460-6
_9500
021 _aRU
_b2011-92646
_96640
035 _a(nilc)LIBNET\0000217890
035 _aRU\NLR\bibl\1105297
035 _a(NLR Aleph) 001836566
090 _a2213396
_c2213396
100 _a20120313d2011 |||y0rusy50 ca
101 0 _arus
102 _aRU
105 _aa zzzz|||||
200 1 _aСатыга XVI
_eсейминско-турбинский могильник в таежной зоне Западной Сибири
_fУрал. федер. ун-т им. Первого Президента России Б.Н. Ельцина. Ин-т археологии Рос. акад. наук, Муниципальное автономное учреждение Сургутского района "Историко-культурный научно-производственный центр "Барсова гора" [и др.]
_g[отв. ред.: к.ист.н. А.Я. Труфанов]
210 _aЕкатеринбург
_aСургут
_cУральский рабочий
_d2011
215 _a183 с., [4] л. цв. ил.
_cил.
_d29
225 1 _aМатериалы и исследования по археологии Таежного Приобья
320 _aБиблиогр.: с. 86-95
607 _aСатыга XVI, могильник (Тюменская область)
_xАрхеологические исследования
_92121142
_3RU\NLR\auth\661584512
686 _a63.3(2)-24(2Р36)
_vLBC/RL
_2rubbk
686 _aТ4(2)260.26-431.1
702 1 _aТруфанов
_bА. Я.
_gАлександр Яковлевич
_4340
712 0 2 _4570
_aУральский федеральный университет им. первого Президента России Б. Н. Ельцина
_cЕкатеринбург
_3RU\NLR\AUTH\8810168127
_9832088
801 0 _aRU
_bСвердловская ОУНБ
_c20120313
_grcr
801 1 _aRU
_bСвердловская ОУНБ
_c20120313
801 2 _aRU
_bNLR
_c20111209
_grcr
942 _cBOOK
980 _aNB
980 _aNBR